| 000 | 00934nac a22002897a 4500 | ||
|---|---|---|---|
| 001 | BR0102015 | ||
| 003 | BR-BrBNA | ||
| 005 | 20240105122537.0 | ||
| 008 | 230509b bl.|||m| |||| 00| 0 por d | ||
| 040 |
_aBR-BrBNA _bpor _cBiblioteca Nacional de Agricultura |
||
| 072 | _aF03 | ||
| 090 | _a2322 BR0102015 | ||
| 100 | 1 | _aSilva, A.C.P.R. da | |
| 100 | 1 | _aOliveira, M.N. de | |
| 110 | 1 |
_aEMBRAPA Acre, Rio Branco, AC (Brasil) _93527 |
|
| 245 | 1 | _aProducao e dispersao de sementes em pimenta longa (Piper hispidinervum) | |
| 260 | 3 |
_aRio Branco, AC (Brasil): _c2000. |
|
| 300 | _a14 p. | ||
| 490 |
_aBoletim de Pesquisa - EMBRAPA Acre (Brazil) _vno. 24 _xISSN 0101-5516 |
||
| 500 | _aSummaries (En, Pt); 5 illus. | ||
| 650 | _aPimenta Longa | ||
| 650 | _aProducao de Sementes | ||
| 650 | _aDispersao de Semente | ||
| 650 | _aVariacao Genetica | ||
| 909 |
_a202312 _bLúcia Elande _c55 _dLúcia Elande |
||
| 942 |
_2AGRIS _n0 _cMS |
||
| 999 |
_c291572 _d291572 |
||